Pizza Tower Levels - Statistics

General Stats
  • This quiz has been taken 127 times
  • The average score is 16 of 20
Answer Stats
Floor Answer % Correct
Tower Lobby John Gutter
96%
Tower Lobby Ancient Cheese
91%
Tower Lobby Pizzascape
91%
Western District Oregano Desert
90%
Tower Lobby Bloodsauce Dungeon
86%
Vacation Resort GOLF
85%
Western District Fastfood Saloon
84%
Western District Fun Farm
84%
Slum The Pig City
84%
Vacation Resort Deep Dish 9
82%
Vacation Resort Crust Cove
81%
Vacation Resort Gnome Forest
81%
Western District Wasteyard
77%
Staff Only WAR
76%
Staff Only Don't Make a Sound
73%
Staff Only Pizzascare
73%
Slum Peppibot Factory
71%
Staff Only The Crumbling Tower of Pizza
66%
Slum Refrigerator-Refrigerador-Freezerator
49%
Slum Oh Crap!
30%
No matching quizzes found
Score Distribution
Percent of People with Each Score
Percentile by Number Answered
Your Score History
You have not taken this quiz